Comparison of dragon fruit production system of preynup's farm in preynup district,preah sihanouk province and chila's farm in banteay srey district, siem reap province ប្រៀបធៀបប្រព័ន្ធផលិតកម្មដំណាំស្រកានាគកសិដ្ឋានព្រៃនប់ នៅស្រុកព្រៃនប់ ខេត្តព្រះសីហនុ និងកសិដ្ឋានជីឡា នៅស្រុកបន្ទាយស្រី ខេត្តសៀមរាប (Record no. 1001)
[ view plain ]
| 000 -LEADER | |
|---|---|
| fixed length control field | 00864nam a22001457a 4500 |
| 003 - CONTROL NUMBER IDENTIFIER | |
| control field | OSt |
| 005 - DATE AND TIME OF LATEST TRANSACTION | |
| control field | 20150921163514.0 |
| 008 - FIXED-LENGTH DATA ELEMENTS--GENERAL INFORMATION | |
| fixed length control field | 150921b xxu||||| |||| 00| 0 eng d |
| 040 ## - CATALOGING SOURCE | |
| Transcribing agency | AGR |
| 082 ## - DEWEY DECIMAL CLASSIFICATION NUMBER | |
| Classification number | AGR SAN B039 2009 Or.1 |
| 100 ## - MAIN ENTRY--PERSONAL NAME | |
| 9 (RLIN) | 1040 |
| Personal name | SANN SEL |
| 245 ## - TITLE STATEMENT | |
| Title | Comparison of dragon fruit production system of preynup's farm in preynup district,preah sihanouk province and chila's farm in banteay srey district, siem reap province ប្រៀបធៀបប្រព័ន្ធផលិតកម្មដំណាំស្រកានាគកសិដ្ឋានព្រៃនប់ នៅស្រុកព្រៃនប់ ខេត្តព្រះសីហនុ និងកសិដ្ឋានជីឡា នៅស្រុកបន្ទាយស្រី ខេត្តសៀមរាប |
| 260 ## - PUBLICATION, DISTRIBUTION, ETC. (IMPRINT) | |
| Place of publication, distribution, etc. | Phnom penh |
| Name of publisher, distributor, etc. | AGR |
| Date of publication, distribution, etc. | 2009 |
| 942 ## - ADDED ENTRY ELEMENTS (KOHA) | |
| Source of classification or shelving scheme | |
| Koha item type | AGR |
No items available.